Statistics for いろは順で最初と最後の駅(都道府県別)

Click here to take the quiz!

General Stats

  • This quiz has been taken 7 times
  • The average score is 16 of 94

Answer Stats

都道府県最初% Correct
長野県飯山
80%
三重県鈴鹿市
80%
岡山県井原
80%
兵庫県伊保
80%
愛知県井原
80%
静岡県伊東
80%
北海道糸井
60%
熊本県住吉
60%
長崎県住吉
60%
神奈川県鈴木町
60%
福岡県飯塚
60%
京都府市原
60%
北海道すすきの
60%
千葉県飯岡
60%
東京都飯田橋
60%
福島県杉田
40%
福岡県周船寺
40%
兵庫県鈴蘭台西口
40%
大阪府住之江公園
40%
京都府墨染
40%
秋田県末広
40%
広島県井原市
40%
長野県須坂
40%
富山県末広町
40%
栃木県雀宮
20%
沖縄県石嶺
20%
新潟県茨目
20%
愛知県住吉町
20%
山形県犬川
20%
山梨県すずらんの里
20%
秋田県飯詰
20%
滋賀県スクリーン
20%
香川県井戸
20%
神奈川県飯田岡
20%
山口県飯井
20%
埼玉県一ノ割
20%
沖縄県首里
20%
愛媛県市坪
0%
岡山県妹尾
0%
静岡県寸座
0%
三重県市部
0%
茨城県岩間
0%
岐阜県飯羽間
0%
山梨県市川本町
0%
福井県市波
0%
石川県磯部
0%
奈良県前栽
0%
和歌山県周参見
0%
鳥取県末恒
0%
島根県周布
0%
広島県須波
0%
滋賀県市辺
0%
山口県雀田
0%
徳島県日和佐
0%
香川県
0%
愛媛県千丈
0%
高知県住吉通
0%
富山県犬島新町
0%
佐賀県桃川
0%
宮城県岩沼
0%
岩手県一戸
0%
大分県杉河内
0%
宮崎県餅原
0%
鹿児島県水族館口
0%
岐阜県杉崎
0%
群馬県市城
0%
高知県一条橋
0%
宮城県仙台空港
0%
福島県飯坂温泉
0%
佐賀県岩屋
0%
長崎県市布
0%
熊本県市ノ川
0%
大分県犬飼
0%
宮崎県市棚
0%
鹿児島県市来
0%
島根県飯浦
0%
青森県碇ケ関
0%
青森県諏訪ノ平
0%
岩手県巣子
0%
鳥取県岩美
0%
徳島県板野
0%
山形県瀬見温泉
0%
和歌山県岩出
0%
茨城県守谷
0%
奈良県櫟本
0%
群馬県
0%
埼玉県杉戸高野台
0%
千葉県菅野
0%
東京都すずかけ台
0%
栃木県市塙
0%
新潟県水原
0%
大阪府井原里
0%
石川県森本
0%
福井県スポーツ公園
0%

Score Distribution

Percentile by Number Answered

Percent of People with Each Score

Your Score History

You have not taken this quiz